000 00431nam a2200181Ia 4500
005 20250603145224.0
008 250603s9999 xx 000 0 und d
020 _a813130065-X
050 _aPN 4784 .E53 P38/
100 _aBansal S.K
245 0 _aJournalism and electronic media
260 _aNew Delhi
260 _bAPH Publishing Corporation
260 _c2018
300 _a256 p
650 _aNew Delhi
942 _cBK
999 _c41229
_d41229